<?xml version="1.0" encoding="UTF-8"?><?xml-stylesheet type="text/xsl" href="static/style.xsl"?><OAI-PMH xmlns="http://www.openarchives.org/OAI/2.0/" xmlns:xsi="http://www.w3.org/2001/XMLSchema-instance" xsi:schemaLocation="http://www.openarchives.org/OAI/2.0/ http://www.openarchives.org/OAI/2.0/OAI-PMH.xsd"><responseDate>2026-06-05T21:44:57Z</responseDate><request verb="GetRecord" identifier="oai:riuma.uma.es:10630/38412" metadataPrefix="marc">https://riuma.uma.es/rest/oai/request</request><GetRecord><record><header><identifier>oai:riuma.uma.es:10630/38412</identifier><datestamp>2026-02-03T12:00:15Z</datestamp><setSpec>com_10630_2254</setSpec><setSpec>col_10630_37959</setSpec></header><metadata><record xmlns="http://www.loc.gov/MARC21/slim" xmlns:dcterms="http://purl.org/dc/terms/" xmlns:doc="http://www.lyncode.com/xoai" xmlns:xsi="http://www.w3.org/2001/XMLSchema-instance" xsi:schemaLocation="http://www.loc.gov/MARC21/slim http://www.loc.gov/standards/marcxml/schema/MARC21slim.xsd">
   <leader>00925njm 22002777a 4500</leader>
   <datafield ind2=" " ind1=" " tag="042">
      <subfield code="a">dc</subfield>
   </datafield>
   <datafield ind2=" " ind1=" " tag="720">
      <subfield code="a">García-Conejo, Celia</subfield>
      <subfield code="e">author</subfield>
   </datafield>
   <datafield ind2=" " ind1=" " tag="720">
      <subfield code="a">Henríquez-Jurado, Juan Manuel</subfield>
      <subfield code="e">author</subfield>
   </datafield>
   <datafield ind2=" " ind1=" " tag="720">
      <subfield code="a">Pérez-Belmonte, Luis Miguel</subfield>
      <subfield code="e">author</subfield>
   </datafield>
   <datafield ind2=" " ind1=" " tag="720">
      <subfield code="a">Cuesta-Vargas, Antonio</subfield>
      <subfield code="e">author</subfield>
   </datafield>
   <datafield ind2=" " ind1=" " tag="260">
      <subfield code="c">2025</subfield>
   </datafield>
   <datafield ind2=" " ind1=" " tag="520">
      <subfield code="a">Introducción. Optimizar la educación en autocuidado durante los programas de rehabilitación cardiaca (RC) en pacientes con Insuficiencia cardiaca preservada (IC-FEp) permite formar “pacientes expertos” y garantizar el cumplimiento de las pautas de manejo. En este contexto, se propone describir las intervenciones educativas y presentar la experiencia del estudio Funnel+ desde una perspectiva clínica.&#xd;
Metodología. Para llevar a cabo las intervenciones educativas en el ensayo clínico Funnel+, en un estudio anterior, se generó un decálogo para evaluar las competencias en autocuidado y se diseñó material educativo adecuado al contexto de los pacientes IC-FEp. El decálogo contiene 20 competencias agrupadas en 12 dominios de autocuidado.&#xd;
Resultados. Se presenta la intervención educativa del estudio Funnel +: en la primera visita, se evalúa la capacidad funcional de los pacientes mediante la batería corta de desempeño físico (SPPB) y la competencia en autocuidado con el decálogo. Los pacientes reciben un “calendario terapéutico” para registrar signos, síntomas y el cumplimiento de pautas de alimentación y ejercicio. Las pautas de ejercicio se prescriben en función a la puntuación obtenida en la prueba SPPB. Además, se entrega material educativo para trabajar competencias no alcanzadas. El grupo control recibe seguimiento mensual por llamadas telefónicas, mientras que los pacientes incluidos en el programa RC, abordan los contenidos en autocuidado semanalmente durante las sesiones de ejercicio. Una vez finalizado el programa RC y adquiridas las competencias, se les hace entrega del diploma de "Paciente Experto" a los pacientes IC-FEp.&#xd;
Conclusiones. Nuestra propuesta combina herramientas educativas estructuradas, pautas y seguimiento individualizado, y estrategias de monitoreo para potenciar el autocuidado en pacientes con IC-FEp. Se incentiva a evaluar los resultados de las intervenciones educativas para valorar su impacto.</subfield>
   </datafield>
   <datafield ind1="8" ind2=" " tag="024">
      <subfield code="a">https://hdl.handle.net/10630/38412</subfield>
   </datafield>
   <datafield tag="653" ind2=" " ind1=" ">
      <subfield code="a">Enfermos cardíacos - Rehabilitación</subfield>
   </datafield>
   <datafield tag="653" ind2=" " ind1=" ">
      <subfield code="a">Hábitos de salud</subfield>
   </datafield>
   <datafield ind2="0" ind1="0" tag="245">
      <subfield code="a">Intervención educativa en autocuidado en rehabilitación cardiaca: Perspectiva clínica del estudio Funnel+.</subfield>
   </datafield>
</record>
</metadata></record></GetRecord></OAI-PMH>